000 01504nam a2200325Ia 4500
001 ebr10064793
003 CaPaEBR
006 m u
007 cr cn|||||||||
008 040317s2004 nyu sb 000 0 eng d
020 _z0876093411
040 _aCaPaEBR
_cCaPaEBR
035 _a(OCoLC)70747970
050 1 4 _aU795
_b.N65 2004eb
245 0 0 _aNonlethal weapons and capabilities
_h[electronic resource] :
_breport of an independent task force sponsored by the Council on Foreign Relations /
_cGraham T. Allison and Paul X. Kelley, co-chairs ; Richard L. Garwin, project director.
260 _aNew York, NY :
_bCouncil on Foreign Relations Press ;
_a[Washington, D.C. :
_bDistributed by the Brookings Institution Press],
_cc2004.
300 _avii, 63 p.
504 _aIncludes bibliographical references.
533 _aElectronic reproduction.
_bPalo Alto, Calif. :
_cebrary,
_d2009.
_nAvailable via World Wide Web.
_nAccess may be limited to ebrary affiliated libraries.
610 1 0 _aUnited States.
_bArmy
_xWeapons systems.
650 0 _aNonlethal weapons
_zUnited States.
650 0 _aPeacekeeping forces, American.
651 0 _aUnited States
_xMilitary policy.
655 7 _aElectronic books.
_2local
700 1 _aAllison, Graham T.
700 1 _aKelley, P. X.
_q(Paul X.),
_d1928-
700 1 _aGarwin, Richard L.
710 2 _aebrary, Inc.
856 4 0 _uhttp://site.ebrary.com/lib/rucke/Doc?id=10064793
_zAn electronic book accessible through the World Wide Web; click to view
999 _c48284
_d48284